|
|
|
|
| LEADER |
00000cam a2200000 a 4500 |
| 001 |
vtls008293213 |
| 003 |
SK-MaSNL |
| 005 |
20260302041111.0 |
| 008 |
251104s2004 xo oab f a 100 0 slo |
| 015 |
|
|
|a SNBA2007/01-00223
|
| 020 |
|
|
|a 808917504X
|q (brož.)
|
| 035 |
|
|
|a SVKPOKN104690
|
| 035 |
|
|
|a urn:nbn:sk:snk-amtig2
|
| 035 |
|
|
|a urn:nbn:sk:snk-am00c53v
|
| 035 |
|
|
|a EF630F77-37D6-4591-905B-CDD08D6D3B0D
|
| 040 |
|
|
|a SNK
|b slo
|c SNK
|e AACR2
|
| 041 |
0 |
|
|a slo
|b ger
|
| 043 |
|
|
|a e-xo---
|
| 044 |
|
|
|a xo
|c SK
|
| 072 |
|
7 |
|a 904
|x Kultúrne pamiatky historického obdobia všeobecne
|2 konspekt
|
| 080 |
|
|
|a 904(437.6)
|2 2001
|
| 080 |
|
|
|a (437.6)
|2 2001
|
| 080 |
|
|
|a (063)
|2 2001
|
| 080 |
|
|
|a 904
|2 2001
|
| 111 |
2 |
|
|a Pamiatky Trnavy a Trnavského kraja
|n (7. :
|c 2003 :
|c Trnava, Slovensko)
|9 93300
|
| 245 |
1 |
0 |
|a Pamiatky Trnavy a Trnavského kraja 7
|b zborník zo seminára konaného dňa 2.12.2003
|c [zostavila: Jaroslava Žuffová ; preklad resumé: Thea Leixnerová]
|
| 250 |
|
|
|a 1. vyd..
|
| 260 |
|
|
|a Trnava
|b Krajský pamiatkový úrad
|c 2004
|
| 300 |
|
|
|a 53 s.
|b fotogr., ilustr., mp.
|c 29 cm
|
| 366 |
|
|
|e 300 výtl.
|
| 500 |
|
|
|a Náz. z obalu
|
| 504 |
|
|
|a Bibliogr. odkazy
|
| 546 |
|
|
|a Res. nem.
|
| 650 |
0 |
7 |
|a kultúrne pamiatky
|2 SNKPH
|9 2862
|
| 651 |
|
7 |
|a Trnavský samosprávny kraj (Slovensko)
|2 SNKPH
|9 146023
|
| 651 |
|
7 |
|a Trnava (Slovensko)
|2 SNKPH
|9 19407
|
| 655 |
|
7 |
|a zborníky konferencií
|2 SNKPH
|9 70153
|
| 700 |
1 |
|
|a Žuffová, Jaroslava
|4 com
|9 9442
|
| 700 |
1 |
|
|a Leixnerová, Thea
|4 trl
|9 45293
|
| 919 |
|
|
|a 80-89175-04-X
|
| 958 |
|
|
|a ART
|
| 958 |
|
|
|a NB
|
| 968 |
|
|
|d 90
|
| 999 |
|
|
|c 1077458
|d 1079388
|
| 952 |
|
|
|a SNK
|b SNK
|y PREZ
|7 0
|p 17A0520989
|o snkSB 59174/7
|i snk2006/17779
|8 0
|0 0
|1 0
|4 0
|d 2006-09-11
|f 1
|l 0
|r 2025-04-11 00:00:00
|w 2026-02-24
|
| 952 |
|
|
|a SNK
|b SNK
|y VYP
|7 0
|p 17A0520988
|o snkSB 59174/7 D1
|i snk2006/17780
|8 0
|0 0
|1 0
|4 0
|d 2006-09-11
|l 0
|r 2026-02-24 16:15:07
|w 2026-02-24
|